| 000 | 00516nam a2200181Ia 4500 | ||
|---|---|---|---|
| 008 | 230711s9999||||xx |||||||||||||| ||und|| | ||
| 020 | _a81-219-2513-4 | ||
| 041 | _aENG | ||
| 082 |
_a515.3 _bNA-D |
||
| 100 | _aNarayan,Shanti | ||
| 245 | 0 |
_aDifferential Calculus for Competitions _bFor Different Engineering Entrance Examinations like I.I.T,AIEEE etc. |
|
| 250 | _a1st Ed. | ||
| 260 |
_c2005 _aNew Delhi _bS.Chand & Company Ltd |
||
| 300 | _a402p. | ||
| 650 | _aMathematics | ||
| 700 | _aMittal,P.K | ||
| 942 | _cBK | ||
| 999 |
_c7260 _d7260 |
||